Κοινωνιολογία της εκπαίδευσης

Αποθηκεύτηκε σε:
Λεπτομέρειες βιβλιογραφικής εγγραφής
Κύριος συγγραφέας: Blackledge, D. A. (David A.)
Άλλοι συγγραφείς: Δεληγιάννη, Μαρία (trlf), Hunt, Barry D. (Barry Dennis), 1937-
Μορφή: Βιβλίο
Γλώσσα:Greek
English
Δημοσίευση: Αθήνα : Έκφραση, 1995.
Σειρά:Εκπαιδευτική βιβλιοθήκη (Έκφραση) ; 4
Θέματα:
Ετικέτες: Προσθήκη ετικέτας
Δεν υπάρχουν, Καταχωρήστε ετικέτα πρώτοι!

MARC

LEADER 00000cam a2200000 i 4500
001 1/75106
008 960516s1995 gr | ||| |||| ||gre||
020 |a 9607468031 
035 |a 1995  |b 1  |c Δωρεά  |l 10032032 
040 |a GR-MY-UA  |b gre  |e aacr 
041 1 |a gre  |h eng 
082 7 |a 370.19   |2 (22) 
100 1 |a Blackledge, D. A.   |q (David A.) 
245 1 0 |a Κοινωνιολογία της εκπαίδευσης /   |c David Blackledge, Barry Hunt ; μετάφραση: Μαρία Δεληγιάννη.  
260 |a Αθήνα :   |b Έκφραση,   |c 1995.  
300 |a 455 σ. ;   |c 21 εκ.  
490 1 |a (Εκπαιδευτική βιβλιοθήκη / Έκφραση ;   |v  4)  
500 |a Μετάφραση του: Sociological Interpretations of Education.  
504 |a Βιβλιογραφία : σ. 446-455.  
650 0 0 |a Educational sociology. 
650 0 0 |a Educational equalization. 
700 1 |a Δεληγιάννη, Μαρία,  |e trlf 
700 1 |a Hunt, Barry D.   |q (Barry Dennis),   |d 1937- 
830 0 |a Εκπαιδευτική βιβλιοθήκη (Έκφραση)  |v  ; 4 
852 |a INST  |b RHODES  |e 19981007  |h 370.19 BLA  |p 005400007386  |q 005400007386  |t BK  |y 0 
852 |a INST  |b RHODES  |e 19981007  |h 370.19 BLA  |p 005400007387  |q 005400007387  |t BK  |y 0 
852 |a INST  |b RHODES  |e 19981007  |h 370.19 BLA  |p 005400007388  |q 005400007388  |t BK  |y 0 
852 |a INST  |b RHODES  |e 19960516  |h 370.19 BLA  |p 005400007389  |q 005400007389  |t BK  |y 0 
852 |a INST  |b RHODES  |e 19981007  |h 370.19 BLA  |p 005400007390  |q 005400007390  |t BK  |y 0 
909 |a Ρ  |b 028388 
909 |a Ρ  |b 028387 
909 |a Ρ  |b 028386 
909 |a Ρ  |b 028385 
909 |a Ρ  |b 028384 
970 |z 1996/05